000 00959nam a2200253 i 4500
005 20251108191214.0
008 250906s2020 ua ||||gr|||| 00| 0 ara d
020 _a9789777543439
040 _aJO-AmGAM
_erda
082 1 4 _a153.43
_bب و ن
100 1 _aدي بونو، إدوارد
_eمؤلف.
240 1 0 _athink before it’s too late.
245 1 0 _aفكر قبل فوات الآوان /
_cتأليف إدوارد دي بونو ؛ إعداد قسم الترجمة بدار الفاروق.
250 _aالطبعة الثانية.
264 3 1 _aالجيزة :
_bدار الفاروق للاستثمارات الثقافية،
_c2020.
300 _a224 صفحة.
336 _2rdacontent
_aنص
_btxt
337 _2rdamedia
_aدون وسيط عرض
_bn
338 _2rdacarrier
_aمجلد
_bnc
650 1 7 _aالتفكير.
710 2 _aقسم الترجمة بدار الفاروق.
_eمعد.
942 _cBK
_2ddc
999 _c247095
_d247095